Statistics for Guess The Lyrics #12

Click here to take the quiz!

General Stats

  • This quiz has been taken 295 times
  • The average score is 92 of 201

Answer Stats

Answer % Correct
I
98%
a
98%
you,
95%
The
95%
you
95%
the
95%
You
95%
And
83%
and
83%
me,
82%
be
79%
to
78%
It
76%
love
76%
it
76%
in
76%
so
74%
Can
71%
Your
71%
are
71%
your
71%
no
70%
is
70%
that
68%
of
65%
Have
60%
for
60%
one
57%
this
57%
want
57%
Don't
56%
if
56%
don't
56%
why
55%
all
55%
know
54%
can't
53%
You're
52%
you're
52%
some
50%
time
50%
time?
50%
how
48%
it's
47%
It's
47%
too
47%
day
44%
out
44%
won't
41%
from
41%
only
41%
get
41%
But
40%
but
40%
down
38%
night
36%
been
36%
got
36%
oh
35%
Come
35%
come
35%
long
35%
just
35%
Oh,
35%
now
34%
boy
34%
Now
34%
things
34%
tell
33%
always
33%
let
33%
best
29%
These
27%
away?
26%
senses?
24%
well,
24%
they're
22%
home
22%
goes
22%
bet
22%
sun
21%
world
21%
somebody
21%
late
21%
seems
20%
hard
20%
that's
19%
before
19%
shine
19%
may
18%
hurt
18%
sky
18%
there's
18%
people
18%
ain't
17%
Ain't
17%
alone
16%
she's
16%
feeling
15%
better
15%
through
15%
fine
14%
ones
14%
pain
14%
hearts
14%
cold
13%
feet
13%
beat
12%
She'll
12%
fences,
12%
able
12%
fences
12%
Desperado,
12%
winter
12%
ridin'
11%
funny
11%
upon
11%
queen
11%
open
11%
walkin'
10%
diamonds,
10%
above
10%
gettin'
10%
talkin'
9%
table
9%
reasons
9%
somehow
9%
draw
9%
freedom,
8%
snow
8%
laid
8%
freedom
8%
prison
7%
pleasin'
7%
highs
7%
driving
7%
rainin',
7%
lows
7%
hunger,
7%
rainbow
6%
gate
6%
younger
6%
losin'
6%

Score Distribution

Percentile by Number Answered

Percent of People with Each Score

Your Score History

You have not taken this quiz